| 000 | 00434nam a2200181Ia 4500 | ||
|---|---|---|---|
| 005 | 20250423095539.0 | ||
| 008 | 250422s9999 xx 000 0 und d | ||
| 020 | _a9780808924456 | ||
| 050 | _aQM 23 .G73/ | ||
| 100 | _aLewis, C.C...[et al] | ||
| 245 | 0 | _aGray's basic anatomy | |
| 260 | _aPhiladelphia, PA | ||
| 260 | _bChurchill Livingstone | ||
| 260 | _c2012 | ||
| 300 | _a610 p | ||
| 650 | _a Human anatomy | ||
| 942 | _cBK | ||
| 999 |
_c30604 _d30604 |
||